Kỷ niệm lần thứ 110 ngày sinh V I. Lênin

Αποθηκεύτηκε σε:
Λεπτομέρειες βιβλιογραφικής εγγραφής
Κύριος συγγραφέας: Lê Duẩn
Άλλοι συγγραφείς: Lê Đức Thọ
Μορφή: Βιβλίο
Έκδοση: H. Sự thật 1980
Θέματα:
Ετικέτες: Προσθήκη ετικέτας
Δεν υπάρχουν, Καταχωρήστε ετικέτα πρώτοι!
Thư viện lưu trữ: Trung tâm Học liệu Lê Vũ Hùng, Trường Đại học Đồng Tháp
LEADER 00767pam a22002178a 4500
001 00000208
005 20171026081022.0
008 110318s1980 ||||||Viesd
041 0 # |a Vie 
082 1 4 |a 335.43  |b K600N 
100 0 # |a Lê Duẩn 
245 0 0 |a Kỷ niệm lần thứ 110 ngày sinh V I. Lênin  |c Lê Duẩn, Lê Đức Thọ 
260 # # |a H.  |b Sự thật  |c 1980 
300 # # |a 43 tr.  |b Ảnh trắng đen  |c 19 cm. 
650 # 4 |a Lênin 
653 # # |a Cách mạng  |a Lênin V.I  |a Sự nghiệp  |a Thế giới  |a Việt nam 
700 0 # |a Lê Đức Thọ 
852 # # |b Kho đọc  |j KD.0000318 
852 # # |j KD.0000318 
910 |d 18/03/2011 
980 # # |a Trung tâm Học liệu Lê Vũ Hùng, Trường Đại học Đồng Tháp